LIBRARY & INFORMATION CENTRE, KCAET, TAVANUR

ONLINE PUBLIC ACCESS CATALOGUE (OPAC)

Code of practice for installations of raingauge(Non-recording type) and measurement of rain, IS4986-1983 / (Record no. 7935)

MARC details
000 -LEADER
fixed length control field 00716cam a2200145ua 4500
041 ## - LANGUAGE CODE
Language code of text/sound track or separate title eng
082 ## - DEWEY DECIMAL CLASSIFICATION NUMBER
Classification number 551.508
Item number IND/CO
245 ## - TITLE STATEMENT
Title Code of practice for installations of raingauge(Non-recording type) and measurement of rain, IS4986-1983 /
260 ## - PUBLICATION, DISTRIBUTION, ETC. (IMPRINT)
Place of publication New Delhi :
Name of publisher Indian Standards Institution ,
Year of publication 1983.
300 ## - PHYSICAL DESCRIPTION
Number of Pages 17 ; .
942 ## - ADDED ENTRY ELEMENTS (KOHA)
Koha item type Books
Holdings
Withdrawn status Lost status Damaged status Home library Current library Date acquired Full call number Accession Number Koha item type
      KAUAET KAUAET 07/04/2012 551.508 17174 Standards
free website counter